El servicio personal de los indios en la Nueva España / (Record no. 130708)

MARC details
000 -LEADER
campo de control de longitud fija 00791nam a2200205 i 4500
001 - NÚMERO DE CONTROL
campo de control 130708
003 - IDENTIFICADOR DE NÚMERO DE CONTROL
campo de control ES-MaACL
005 - FECHA Y HORA DE LA ÚLTIMA TRANSACCIÓN
campo de control 20250801063039.0
007 - CAMPO FIJO DE DESCRIPCIÓN FÍSICA--INFORMACIÓN GENERAL
campo de control de longitud fija t|
008 - DATOS DE LONGITUD FIJA--INFORMACIÓN GENERAL
campo de control de longitud fija 070806s1984 mx ||||1| spa d
100 1# - ENTRADA PRINCIPAL--NOMBRE DE PERSONA
Nombre de persona Zavala, Silvio,
Fechas asociadas al nombre 1909-2014
9 (RLIN) 118108
245 13 - MENCIÓN DEL TÍTULO
Título El servicio personal de los indios en la Nueva España /
Mención de responsabilidad, etc. Silvio Zavala.
250 ## - MENCION DE EDICION
Mención de edición 1ª ed.
260 ## - PUBLICACIÓN, DISTRIBUCIÓN, ETC.
Lugar de publicación, distribución, etc. México :
Nombre del editor, distribuidor, etc. El Colegio Nacional,
Fecha de publicación, distribución, etc. 1984-
300 ## - DESCRIPCIÓN FÍSICA
Extensión 6 v. ;
Dimensiones 22 cm.
505 8# - NOTA DE CONTENIDO CON FORMATO
Nota de contenido con formato Contiene: T. I. 1521-1550 .-- T. II. 1550-1575 .-- T. III. 1576-1599 .-- T. IV. Suplemento a los tres primeros tomos relativos al siglo XVI .-- T. V. 1600-1635 (2 vols.)
651 #4 - PUNTO DE ACCESO ADICIONAL DE MATERIA--NOMBRE GEOGRÁFICO
Nombre geográfico México-
Subdivisión general Historia-
Subdivisión cronológica 1521-1821, Época colonial.
9 (RLIN) 158070
852 ## - LOCALIZACIÓN
Ubicación ES-MaACL
Número de control de estantería P-446
Sublocalización o colección R.109321
Holdings
Estatus retirado Estado de pérdida Estado de daño No para préstamo Biblioteca de origen Biblioteca actual Ubicación en estantería Fecha de adquisición Fuente de adquisición Total de préstamos Signatura topográfica completa Código de barras Visto por última vez Precio de reemplazo Tipo de ítem Koha
        Biblioteca del Ateneo de Madrid Biblioteca del Ateneo de Madrid Depósito 2 17/01/2008     P-446 1136088 23/02/2023 23/02/2023 Libro impreso